Culture Générale - Série 1894 - Statistiques

Statistiques générales
  • Ce quiz a été pris 81 fois
  • Le résultat moyen est 3 sur 10
Statistiques - réponses
Question Réponse % Correct
Objet mythique de la légende arthurienne, objet de la quête des chevaliers de la Table ronde graal
87%
Quelle est l'unité monétaire du Brésil ? real
58%
De quel peintre "L'angélus" est--il un tableau célèbre ? Jean-François Millet
57%
Quel nom donne-t-on à un hameau aux Antilles ? ilet
39%
Dans la Grèce antique, comment appelait-on un habitant de Laconie réduit en esclavage par les Spartiates ? ilote
32%
Comment appelle-t-on le petit coussin placé sur le dossier d'un fauteuil, d'un divan pour appuyer la tête ? têtière
14%
La littorine est un gastéropode marin plus connu sous le nom de .... bigorneau
10%
En botanique, comment appelle-t-on également la plante insectivore "rossolis" ? voir photo droséra
8%
Quel mot peut désigner un clavecin, un sapin,un poisson,une cage à poules ? épinette
6%
Quel terme, autre que "panégyrique",emploie-t-on pour désigner un discours à la louange de quelqu'un ? apologie
5%
Aucun quiz correspondant
Distribution des résultats
% des personnes avec chaque résultat
Percentile par nombre de réponses
Votre historique - résultats
Vous n’avez pas pris ce quiz